01398nam a2200169Ia 4500001001300000003001000013008004100023040002500064041000700089100001700096245010800113250001100221260002900232300001200261500091400273650004101187b6433-46116 IT-MiCISF161014s9999||||xx |||||||||||||| ||und|| aIT-MiCISFcIT-MiCISF ait aOuellet Marc 0aMistero e sacramento dell'amorebTeologia del matrimonio e della famiglia per la nuova evangelizzazione a1a ed. a SienabCantagallic2007 app. 399 a / matrimonio-sacramento, teologia, ministero-coniugale, chiesa-domestica, magistero / Partendo dal mistero-sacramento dell'amore umano, il libro - frutto delle lezioni di teologia sacramentaria, tenute a Roma presso l'Istituto Giovanni Paolo II - approfondisce il legame tra matrimonio sacramentale e Chiesa sacramento, sviluppando il rapporto che unisce mistero trinitario e simbolica nuziale. La famiglia cristiana rivela così tutta la propria bellezza sacramentale e la capacità di diffusione ecclesiale e missionaria. Il lavoro dell'A., attualmente arcivescovo di Québec e cardinale, risponde ad attese oggi più che mai urgenti, sia per il teologo che per l'operatore pastorale. Ricondurre l'attenzione al ruolo del sacramento nuziale è il segreto per recuperare la dimensione della famiglia come "chiesa" di amore e di culto. E' in essa che si compie la prima e sempre nuova evangelizzazione. a Temi di pastorale / matrimonioe012